<?xml version="1.0" encoding="UTF-8"?>
<record
    xmlns:xsi="http://www.w3.org/2001/XMLSchema-instance"
    xsi:schemaLocation="http://www.loc.gov/MARC21/slim http://www.loc.gov/standards/marcxml/schema/MARC21slim.xsd"
    xmlns="http://www.loc.gov/MARC21/slim">

  <leader>03030nam a22006617a 4500</leader>
  <controlfield tag="008">150907b        xxu||||| |||| 00| 0 eng d</controlfield>
  <datafield tag="020" ind1=" " ind2=" ">
    <subfield code="a">849610205X</subfield>
  </datafield>
  <datafield tag="082" ind1=" " ind2=" ">
    <subfield code="a">779.209.2</subfield>
    <subfield code="b">C348t</subfield>
  </datafield>
  <datafield tag="100" ind1=" " ind2=" ">
    <subfield code="a">P&#xE9;rez-Ratton, Virginia</subfield>
    <subfield code="9">580</subfield>
  </datafield>
  <datafield tag="245" ind1=" " ind2=" ">
    <subfield code="a">Todo incluido: im&#xE1;genes urbanas de Centroam&#xE9;rica</subfield>
    <subfield code="b">Del 23 de enero al 14 de marzo de 2004</subfield>
    <subfield code="c">Virgina P&#xE9;rez-Ratton [Curadora], Santiago Olmo [Curador], Horacio Catellanos Moya, Carlos Cort&#xE9;s, Tamara D&#xED;az Bringas, Jacinta Escudos, Franz Galich, Rodrigo Rey Rosa, Mario Trejos</subfield>
  </datafield>
  <datafield tag="260" ind1=" " ind2=" ">
    <subfield code="a">Madrid :</subfield>
    <subfield code="b">Concejal&#xED;a de las Artes</subfield>
    <subfield code="c">2004</subfield>
  </datafield>
  <datafield tag="300" ind1=" " ind2=" ">
    <subfield code="a">215 p.</subfield>
    <subfield code="b">ill (col.)</subfield>
    <subfield code="c">23 cm</subfield>
  </datafield>
  <datafield tag="505" ind1=" " ind2=" ">
    <subfield code="t">Todo incluido: Aproximaciones a la experiencia de lo urbano en Centroam&#xE9;rica // Virginia P&#xE9;rez-Ratton</subfield>
    <subfield code="t">Detr&#xE1;s de la postal del tuc&#xE1;n // Santiago B. Olmo</subfield>
    <subfield code="t">Circuitos de desplazamiento // Marlo Trejos</subfield>
    <subfield code="t">400 metros al norte del kiosko del Moraz&#xE1;n // Tamara D&#xED;az Bringas</subfield>
    <subfield code="t">Panam&#xE1;</subfield>
    <subfield code="t">Costa Rica</subfield>
    <subfield code="t">Cruz de olvido // Carlos Cort&#xE9;s</subfield>
    <subfield code="t">Nicaragua</subfield>
    <subfield code="t">Managua Salsa City: &#xA1;Dev&#xF3;rame otra vez! // Franz Galich </subfield>
    <subfield code="t">Cruz de Olvido // Carlos Cort&#xE9;s</subfield>
    <subfield code="t">Honduras</subfield>
    <subfield code="t">El Salvador</subfield>
    <subfield code="t">El asco // Horacio Castellanos Moya</subfield>
    <subfield code="t">A-B-Sudario // Jacinta Escudos</subfield>
    <subfield code="t">Guatemala</subfield>
    <subfield code="t">Como me enter&#xE9; de que estoy muerto // Rodrigo Rey Rosa</subfield>
  </datafield>
  <datafield tag="650" ind1=" " ind2=" ">
    <subfield code="a">Fotograf&#xED;a</subfield>
    <subfield code="x">Exhibiciones</subfield>
    <subfield code="z">Centroam&#xE9;rica</subfield>
    <subfield code="9">3540</subfield>
  </datafield>
  <datafield tag="650" ind1=" " ind2=" ">
    <subfield code="a">Fotograf&#xED;a</subfield>
    <subfield code="v">Calle</subfield>
    <subfield code="x">Exhibici&#xF3;n</subfield>
    <subfield code="z">Centroam&#xE9;rica</subfield>
    <subfield code="9">3541</subfield>
  </datafield>
  <datafield tag="651" ind1=" " ind2=" ">
    <subfield code="a">Centroam&#xE9;rica</subfield>
    <subfield code="v">Trabajo Pict&#xF3;rico</subfield>
    <subfield code="x">Exhibici&#xF3;n</subfield>
    <subfield code="9">3542</subfield>
  </datafield>
  <datafield tag="700" ind1=" " ind2=" ">
    <subfield code="a">P&#xE9;rez-Ratton, Virginia</subfield>
    <subfield code="e">Curadora</subfield>
    <subfield code="9">580</subfield>
  </datafield>
  <datafield tag="700" ind1=" " ind2=" ">
    <subfield code="a">Olmo, Santiago</subfield>
    <subfield code="e">Curador</subfield>
    <subfield code="9">3568</subfield>
  </datafield>
  <datafield tag="700" ind1=" " ind2=" ">
    <subfield code="a">Trejos, Marlo</subfield>
    <subfield code="9">3569</subfield>
  </datafield>
  <datafield tag="700" ind1=" " ind2=" ">
    <subfield code="a"> D&#xED;az Bringas, Tamara</subfield>
    <subfield code="9">3567</subfield>
  </datafield>
  <datafield tag="700" ind1=" " ind2=" ">
    <subfield code="a">Cort&#xE9;s, Carlos </subfield>
    <subfield code="9">599</subfield>
  </datafield>
  <datafield tag="700" ind1=" " ind2=" ">
    <subfield code="a">Galich, Franz </subfield>
    <subfield code="9">3570</subfield>
  </datafield>
  <datafield tag="700" ind1=" " ind2=" ">
    <subfield code="a"> Castellanos Moya, Horacio</subfield>
    <subfield code="9">3571</subfield>
  </datafield>
  <datafield tag="700" ind1=" " ind2=" ">
    <subfield code="a">Escudos, Jacinta </subfield>
    <subfield code="9">3572</subfield>
  </datafield>
  <datafield tag="700" ind1=" " ind2=" ">
    <subfield code="a"> Rey Rosa, Rodrigo</subfield>
    <subfield code="9">3060</subfield>
  </datafield>
  <datafield tag="700" ind1=" " ind2=" ">
    <subfield code="a"> Harker, Jonathan</subfield>
    <subfield code="9">3573</subfield>
  </datafield>
  <datafield tag="700" ind1=" " ind2=" ">
    <subfield code="a"> Alfaro, Brooke</subfield>
    <subfield code="9">3574</subfield>
  </datafield>
  <datafield tag="700" ind1=" " ind2=" ">
    <subfield code="a">Mogo</subfield>
    <subfield code="9">3617</subfield>
  </datafield>
  <datafield tag="700" ind1=" " ind2=" ">
    <subfield code="a">Araujo, Gustavo</subfield>
    <subfield code="9">3618</subfield>
  </datafield>
  <datafield tag="700" ind1=" " ind2=" ">
    <subfield code="a">Hadeed, Abigail</subfield>
    <subfield code="9">3619</subfield>
  </datafield>
  <datafield tag="700" ind1=" " ind2=" ">
    <subfield code="a">Picado, Eugenia</subfield>
    <subfield code="9">3620</subfield>
  </datafield>
  <datafield tag="700" ind1=" " ind2=" ">
    <subfield code="a">Chanto, Sila</subfield>
    <subfield code="9">3621</subfield>
  </datafield>
  <datafield tag="700" ind1=" " ind2=" ">
    <subfield code="a">Ram&#xED;rez, Alejandro</subfield>
    <subfield code="9">3622</subfield>
  </datafield>
  <datafield tag="700" ind1=" " ind2=" ">
    <subfield code="a">Vargas, Roberto</subfield>
    <subfield code="9">3623</subfield>
  </datafield>
  <datafield tag="700" ind1=" " ind2=" ">
    <subfield code="a">Capel&#xE1;n, Carlos</subfield>
    <subfield code="9">3624</subfield>
  </datafield>
  <datafield tag="700" ind1=" " ind2=" ">
    <subfield code="a">Z&#xFA;&#xF1;iga Rojas, Fabi&#xE1;n</subfield>
    <subfield code="9">3625</subfield>
  </datafield>
  <datafield tag="700" ind1=" " ind2=" ">
    <subfield code="a">Herrero, Federico</subfield>
    <subfield code="9">3626</subfield>
  </datafield>
  <datafield tag="700" ind1=" " ind2=" ">
    <subfield code="a">Vicente, Ana de</subfield>
    <subfield code="9">3627</subfield>
  </datafield>
  <datafield tag="700" ind1=" " ind2=" ">
    <subfield code="a">Arguedas, Adri&#xE1;n</subfield>
    <subfield code="9">2583</subfield>
  </datafield>
  <datafield tag="700" ind1=" " ind2=" ">
    <subfield code="a">Pretiz, Loida</subfield>
    <subfield code="9">3628</subfield>
  </datafield>
  <datafield tag="700" ind1=" " ind2=" ">
    <subfield code="a">Gordillo, Claudia</subfield>
    <subfield code="9">3629</subfield>
  </datafield>
  <datafield tag="700" ind1=" " ind2=" ">
    <subfield code="a">Salmer&#xF3;n, Ernesto</subfield>
    <subfield code="9">3630</subfield>
  </datafield>
  <datafield tag="700" ind1=" " ind2=" ">
    <subfield code="a">Quintanilla, Ra&#xFA;l</subfield>
    <subfield code="9">3631</subfield>
  </datafield>
  <datafield tag="700" ind1=" " ind2=" ">
    <subfield code="a">Rivas, &#xD3;scar</subfield>
    <subfield code="9">3632</subfield>
  </datafield>
  <datafield tag="700" ind1=" " ind2=" ">
    <subfield code="a">Pacheles, Rodrigo</subfield>
    <subfield code="9">3633</subfield>
  </datafield>
  <datafield tag="700" ind1=" " ind2=" ">
    <subfield code="a">Carmona, Wilbert</subfield>
    <subfield code="9">3634</subfield>
  </datafield>
  <datafield tag="700" ind1=" " ind2=" ">
    <subfield code="a">Garc&#xED;a, &#xD3;scar</subfield>
    <subfield code="9">3635</subfield>
  </datafield>
  <datafield tag="700" ind1=" " ind2=" ">
    <subfield code="a">Mej&#xED;a, Xenia</subfield>
    <subfield code="9">3636</subfield>
  </datafield>
  <datafield tag="700" ind1=" " ind2=" ">
    <subfield code="a">Rodr&#xED;guez, Lester</subfield>
    <subfield code="9">3637</subfield>
  </datafield>
  <datafield tag="700" ind1=" " ind2=" ">
    <subfield code="a">Aguilar, Regina</subfield>
    <subfield code="9">3638</subfield>
  </datafield>
  <datafield tag="700" ind1=" " ind2=" ">
    <subfield code="a">Vega, Sim&#xF3;n</subfield>
    <subfield code="9">3639</subfield>
  </datafield>
  <datafield tag="700" ind1=" " ind2=" ">
    <subfield code="a">Mor&#xE1;n, Ronald</subfield>
    <subfield code="9">3640</subfield>
  </datafield>
  <datafield tag="700" ind1=" " ind2=" ">
    <subfield code="a">Molina, Rodolfo</subfield>
    <subfield code="9">3641</subfield>
  </datafield>
  <datafield tag="700" ind1=" " ind2=" ">
    <subfield code="a">Gonz&#xE1;lez Palma, Luis</subfield>
    <subfield code="9">3642</subfield>
  </datafield>
  <datafield tag="700" ind1=" " ind2=" ">
    <subfield code="a">Barrios, Mois&#xE9;s</subfield>
    <subfield code="9">3643</subfield>
  </datafield>
  <datafield tag="700" ind1=" " ind2=" ">
    <subfield code="a">L&#xF3;pez, An&#xED;bal</subfield>
    <subfield code="9">3644</subfield>
  </datafield>
  <datafield tag="700" ind1=" " ind2=" ">
    <subfield code="a">Galindo, Regina</subfield>
    <subfield code="9">3645</subfield>
  </datafield>
  <datafield tag="999" ind1=" " ind2=" ">
    <subfield code="c">737</subfield>
    <subfield code="d">737</subfield>
  </datafield>
  <datafield tag="952" ind1=" " ind2=" ">
    <subfield code="0">0</subfield>
    <subfield code="1">0</subfield>
    <subfield code="2">ddc</subfield>
    <subfield code="4">0</subfield>
    <subfield code="7">0</subfield>
    <subfield code="a">LV</subfield>
    <subfield code="b">LV</subfield>
    <subfield code="c">Colectivas</subfield>
    <subfield code="d">2015-09-07</subfield>
    <subfield code="l">1</subfield>
    <subfield code="o">779.209.2 C348t</subfield>
    <subfield code="p">001781</subfield>
    <subfield code="r">2016-06-15 00:00:00</subfield>
    <subfield code="s">2016-06-15</subfield>
    <subfield code="w">2015-09-07</subfield>
    <subfield code="y">01</subfield>
  </datafield>
</record>
